000 03270nam a22002297a 4500
003 GR-AtMCL
005 20251105104833.0
006 a|||||r|||||||||||
008 230324s2022||||gr |||||||||||||||||gre|
020 _a9789600123463
040 _aGR-AtMCL
_bgre
_eAACR2
_dGR-AtMCL
245 1 0 _aΔιαχείριση κρίσεων στην τουριστική βιομηχανία. :
_bανατρέποντας τις πιθανότητες; /
_cεπιμέλεια Christof Pforr, Peter Hosie ; μετάφραση Βασιλική Παππά
264 1 _aΑθήνα :
_bΕκδόσεις Gutenberg,
_c2022
300 _a359 σ. ;
_c24 εκ.
520 _aΤο παρόν βιβλίο έχει σκοπό να προσφέρει στους φοιτητές του τομέα του τουρισμού πολύτιμες γνώσεις για τη διαχείριση κρίσεων στον τουριστικό κλάδο. Η πανδημία του COVID-19 μας θύμισε με τον πιο τραγικό τρόπο την ανάγκη καλλιέργειας συστηματικής γνώσης και μεθοδολογίας, προκειμένου να αντιμετωπιστούν καταστάσεις που απέχουν πολύ από την κανονικότητα και βάζουν σε κίνδυνο την ανθρώπινη ζωή, και συνάμα την επιβίωση του τουριστικού κλάδου. Ο τουρισμός είναι ένας τομέας ιδιαίτερα ευαίσθητος σε κρίσεις προκαλούμενες από πανδημίες, φυσικές καταστροφές, τρομοκρατικά γεγονότα, πολέμους και άλλα ταραχώδη γεγονότα. Το ανά χείρας βιβλίο συντίθεται από μια σειρά κεφαλαίων που πραγματεύονται ποικίλες περιπτώσεις κρίσης στον τουρισμό και διαχείρισής τους, με αναφορές σε διεθνή παραδείγματα και περιπτώσεις. Επιπλέον, παρουσιάζονται το πλαίσιο διαχείρισης των κρίσεων, η σημασία της σωστής προετοιμασίας μιας προορατικής στρατηγικής απέναντι σε αυτές τις καταστάσεις, καθώς και η Ανάλυση Ευπάθειας έναντι κινδύνων που οδηγούν σε κρίσεις. Πέρα από τους φοιτητές τμημάτων τουριστικών σπουδών, το έργο αυτό μπορεί να είναι χρήσιμο και σε φοιτητές τμημάτων διοίκησης επιχειρήσεων, αλλά και σε επαγγελματίες του τομέα του τουρισμού, καθώς και σε επαγγελματίες πολλών άλλων κλάδων σχετιζόμενων με τον τουρισμό.
650 0 _aΤουρισμού & Φιλοξενίας
_99900
650 0 _aΤουρισμός
_910132
700 _aPforr, Christof
_4340
_910139
700 _aHosie, Peter
_4340
_910140
942 _cBK
999 _c9950
_d9950